Early selection of promising Hevea based on selected leaf physiological parameter and stomata characteristic (Record no. 57533)

MARC details
000 -LEADER
fixed length control field 00608nam a2200169Ia 4500
100 ## - MAIN ENTRY--AUTHOR NAME
Personal name Noorliana Mohd Zan
245 #0 - TITLE STATEMENT
Title Early selection of promising Hevea based on selected leaf physiological parameter and stomata characteristic
260 ## - PUBLICATION, DISTRIBUTION, ETC. (IMPRINT)
Name of publisher IRRDB Natural Rubber Conference 2008, 13-15 October 2008, Kuala Lumpur, Malaysia: Abstract of papers
500 ## - GENERAL NOTE
General note Source Year: 2008
650 ## - SUBJECT ADDED ENTRY--TOPICAL TERM
Topical Term Leaf physiological parameter
650 ## - SUBJECT ADDED ENTRY--TOPICAL TERM
Topical Term Stomata characteristic
700 ## - ADDED ENTRY--PERSONAL NAME
Personal name Bastiah Ahmad
700 ## - ADDED ENTRY--PERSONAL NAME
Personal name Hashima Idris
856 ## - ELECTRONIC LOCATION AND ACCESS
Uniform Resource Identifier Abst only
942 ## - ADDED ENTRY ELEMENTS (KOHA)
Koha item type Journals
Holdings
Withdrawn status Lost status Damaged status Not for loan Home library Current library Shelving location Date acquired Koha item type
      Journals RRII Library RRII Library Plant physiology 30/01/2009 Journals